000 00656cam a22002411a 4500
001 7033863
005 20180221035547.0
008 721101s1962 nyu b 001 0 eng
010 _a 62012484
015 _aGB63-5811
035 _a(OCoLC)483664
040 _aDLC
_cOAkU
_dOCoLC
_dMoSU-L
_dPPiU
_dUk
_dDLC
041 _aeng
043 _an-us---
080 _a342.733 HER
082 _a342.733 HER
100 1 _a23
101 _aPOL
245 1 0 _aAmerican constitutional issues /
_cC. Herman Pritchett.
504 _aIncludes bibliographical references and index.
906 _a7
_bcbc
_coclcrpl
_du
_encip
_f19
_gy-gencatlg
942 _2ddc
_cBK
999 _c42998
_d42998